| 000 | 00810nam a2200205 a 4500 | ||
|---|---|---|---|
| 001 | 000038371 | ||
| 005 | 20201002031236.0 | ||
| 008 | 130409s2008 dr ac r 000 0 spa d | ||
| 040 |
_aDO-SdBNP _bspa _cBNPHU |
||
| 082 |
_a972.9382 _bG113h |
||
| 100 | 1 |
_aGabino Concepción, Andres, _cTite _964727 |
|
| 245 | 1 | 0 |
_aHistoria de tenares / _cAndres Gabino Concepción. |
| 260 |
_aSan Francisco de Macoris, República Dominicana : _bImpresora del Nordeste, _c2008. |
||
| 300 |
_a146 p. : _bil., retrs., map. ; _c21 cm. |
||
| 500 | _aIncluye datos biográficos del autor en las solapas | ||
| 590 | _aInventariado, 2018/BT | ||
| 650 | 4 |
_aCiudades y pueblos _zRepública Dominicana _xHistoria _98393 |
|
| 651 | 4 |
_aTenares (República Dominicana{Rpara} _xHistoria Local _964728 |
|
| 910 | _aValidado. control de calidad. MFF | ||
| 999 |
_c37861 _d37861 |
||